Bread and Bakeries : (Record no. 452)

MARC details
000 -LEADER
fixed length control field 00755nam a22002657a 4500
005 - DATE AND TIME OF LATEST TRANSACTION
control field 20230425090020.0
020 ## - INTERNATIONAL STANDARD BOOK NUMBER
International Standard Book Number 9780333476895
040 ## - CATALOGING SOURCE
Original cataloging agency FISKH
Transcribing agency FISKH
Modifying agency FISKH
082 ## - DEWEY DECIMAL CLASSIFICATION NUMBER
Classification number 664
100 ## - MAIN ENTRY--PERSONAL NAME
Personal name Thomas, Ron
Dates associated with a name 1947-
245 ## - TITLE STATEMENT
Title Bread and Bakeries :
Statement of responsibility, etc. Ron Thomas and Jan Stutchbury
260 ## - PUBLICATION, DISTRIBUTION, ETC.
Place of publication, distribution, etc. South Melbourne :
Name of publisher, distributor, etc. Macmillan,
Date of publication, distribution, etc. 1988.
300 ## - PHYSICAL DESCRIPTION
Extent 30 pages :
Dimensions 21 cm.
505 ## - FORMATTED CONTENTS NOTE
Formatted contents note D
520 ## - SUMMARY, ETC.
Summary, etc. An illustrated description of the basic elements and ways that bread is made in a bakery.<br/>
521 ## - TARGET AUDIENCE NOTE
Target audience note 210 <br/>
Source Lexile
521 ## - TARGET AUDIENCE NOTE
Target audience note D <br/>
Source Raz-Plus
650 ## - SUBJECT ADDED ENTRY--TOPICAL TERM
Topical term or geographic name entry element Bakeries
650 ## - SUBJECT ADDED ENTRY--TOPICAL TERM
Topical term or geographic name entry element Bakers and Bakeries
650 ## - SUBJECT ADDED ENTRY--TOPICAL TERM
Topical term or geographic name entry element Bread
700 ## - ADDED ENTRY--PERSONAL NAME
Personal name Jan Stutchbury
942 ## - ADDED ENTRY ELEMENTS (KOHA)
Source of classification or shelving scheme Dewey Decimal Classification
Koha item type Books
Suppress in OPAC No
999 ## -
-- 452
-- 452
Holdings
Withdrawn status Lost status Source of classification or shelving scheme Damaged status Not for loan Collection Home library Current library Shelving location Date acquired Total Checkouts Full call number Barcode Date last seen Price effective from Koha item type
    Dewey Decimal Classification     Non-Fiction Footprints International School Library Network Toul Kork Campus Footprints International School Library Network Toul Kork Campus TK Primary Library Room(4th Floor), Bookcase 7, Shelves 57-60, Dark Green Books 04/25/2023   664 THO 2023-0078 04/25/2023 04/25/2023 Books